01716cam a22003738a 45000010009000000050017000090080041000260100017000670200029000840200026001130400022001390420008001610430012001690500024001810820024002051000021002292450094002502600038003443000027003824900055004095040064004645050240005286500051007686500053008196500048008726500054009206510064009746510060010388300056010989060045011549420012011999990017012119520114012281748683220170105102930.0121005s2013 nyu b 001 0 eng c a 2012040931 a9780415641333 (hardback) a9780203082003 (ebook) aIEN/DLCcIENdDLC apcc af-cg---00aHV8274.A2bM37 201304a967.51034bMAR 20131 aMarriage, Zoë.10aFormal peace and informal war :bsecurity and development in the congo /cZoë Marriage. aNew York, NY :bRoutledge,c2013. aviii, 180 p. ;c24 cm.1 aRoutledge explorations in development studies ;v3 aIncludes bibliographical references (p. 160-170) and index.0 aFormal peace and informal war -- Leadership vs. population -- Rich in war: conflict over Congo's political and economic resources -- When was this the deal? -- Politics of pillage -- Fit-up agreement -- Hunter's song -- Security peace. 0aInternal securityzCongo (Democratic Republic) 0aPolitical stabilityzCongo (Democratic Republic) 0aPeace-buildingzCongo (Democratic Republic) 0aEconomic developmentzCongo (Democratic Republic) 0aCongo (Democratic Republic)xPolitics and governmenty1997- 0aCongo (Democratic Republic)xEconomic conditionsy1960- 0aRoutledge explorations in development studies ;v3. a7bcbccorignewd1eecipf20gy-gencatlg 2ddccBK c16012d16012 001040708NFICaCIPSbCIPScGENd2013-11-21l0o967.51034 MAR 2013pCIPS0002508r2014-01-15w2014-01-15yBK